000
00329nam a2200145Ia 4500
003
OSt
005
20240105152950.0
008
170523s9999 xx 000 0 und d
020
_a
8120324269
040
_c
iimt university meerut
100
_a
PAUL- JUSTIN
245
0
_a
INTERNATIONAL BUSINESS
260
_b
PHI
942
_2
ddc
_c
02
999
_c
1480
_d
1480